Využitie dronov pri údržbe lietadiel
Uložené v:
| Hlavný autor: | |
|---|---|
| Ďalší autori: | |
| Médium: | Rukopis Kniha |
| Jazyk: | Slovak |
| Vydavateľské údaje: |
2025
|
| Predmet: | |
| On-line prístup: | http://is.stuba.sk/zp/portal_zp.pl?podrobnosti=184449 |
| Tagy: |
Žiadne tagy, Buďte prvý, kto otaguje tento záznam!
|
MARC
| LEADER | 00000ntm a22000003a 4500 | ||
|---|---|---|---|
| 001 | stuzp103726 | ||
| 003 | SK-STU | ||
| 005 | 20250614212214.4 | ||
| 007 | ta | ||
| 008 | 150427s2015----xo-----f-mn---000-0-slo-d | ||
| 040 | |a STU |b slo | ||
| 041 | 0 | |a slo | |
| 100 | 1 | |a Drgala, Martin |u 030400 |4 aut |U FEI Fakulta elektrotechniky a informatiky |T FEI Ústav automobilovej mechatroniky |X 110997 |U E400 |Y 642 |7 110997 | |
| 242 | 0 | 1 | |a Use of drones in aircraft maintenance |y eng |
| 245 | 1 | 0 | |a Využitie dronov pri údržbe lietadiel |
| 260 | |c 2025 | ||
| 650 | 4 | |a maintenance |2 eng | |
| 650 | 4 | |a 3D model |2 eng | |
| 650 | 4 | |a images |2 eng | |
| 650 | 4 | |a photogrammetry |2 eng | |
| 650 | 4 | |a damage |2 eng | |
| 650 | 4 | |a safety |2 eng | |
| 650 | 4 | |a accuracy |2 eng | |
| 650 | 4 | |a distance |2 eng | |
| 650 | 4 | |a aircraft |2 eng | |
| 650 | 4 | |a visual inspection |2 eng | |
| 650 | 4 | |a drone |2 eng | |
| 650 | 4 | |a údržba |2 slo | |
| 650 | 4 | |a 3D model |2 slo | |
| 650 | 4 | |a snímky |2 slo | |
| 650 | 4 | |a fotogrametria |2 slo | |
| 650 | 4 | |a poškodenie |2 slo | |
| 650 | 4 | |a vzdialenosť |2 slo | |
| 650 | 4 | |a lietadlo |2 slo | |
| 650 | 4 | |a vizuálna inšpekcia |2 slo | |
| 650 | 4 | |a bezpečnosť |2 slo | |
| 650 | 4 | |a presnosť |2 slo | |
| 650 | 4 | |a dron |2 slo | |
| 700 | 1 | |a Ťapák, Peter |u 030400 |k Z1 |4 ths |U FEI Fakulta elektrotechniky a informatiky |T FEI Ústav automobilovej mechatroniky |X 3715 |U E400 |Y 642 |7 A000003715 | |
| 856 | 4 | |u http://is.stuba.sk/zp/portal_zp.pl?podrobnosti=184449 | |